Datum a čas kvízu
33.5
Celkem bodů
Celkový počet nahraných bodů na tomto kvízu bez doplňovacích otázek.
19.
Pořadí na kvízu
Konečné umístění týmu na tomto kvízu.
Zaznamenané odpovědi
| # | Otázka | Odpověď | Body | Výsledky |
|---|---|---|---|---|
| 1. | První otázka bude mířit na ned... | Queens of the Stone Age, Tom Morello | 0 | |
| 2. | U letních festivalů ještě zůst... | Pohoda Festival | 1 | |
| 3. | Minulý týden bylo rozhodnuto o... | Jižní Korea | 1 | |
| 4. | Univerzita Palackého a její ob... | Pedel | 0 | |
| 5. | Své zastoupení na LOH v Paříži... | judo, šerm, lukostřelba a veslování | 0 | |
| 6. | Vyrazit na dovolenou k moři už... | Baltské moře | 1 | |
| 7. | Možná už jste někdy využili sl... | cestovní agentury zájezdy přeprodávají, ale neorganizují | 1 | |
| 8. | Kolik Čechů a Češek letos prav... | D | 0 | |
| 9. | Vysněná dovolená u moře se můž... | Chobotnice z II. patra | 0 | |
| 10. | Co by to bylo za českou dovole... | 190 g | 0 |